| 000 | 00665nam a2200157 a 4500 | ||
|---|---|---|---|
| 008 | 220302s2019 ||||||||||||||||| || u | ||
| 050 | _aCBU-PG THESIS/SIN | ||
| 100 | _aSinkala, Bernard | ||
| 245 | 1 | 0 |
_aImpact of foreign Aid in supplementing National Savings and Capital Investment growth in Zambia _cBy Bernard Sinkala |
| 260 |
_aKitwe _bCopperbelt University _c2019 |
||
| 300 | _aix, 58 pages : illustrations | ||
| 650 | _aCAPITAL INVESTMENTS | ||
| 650 | _aFOREIGN AID--ZAMBIA | ||
| 650 | _aNATIONAL SAVINGS - ZAMBIA | ||
| 995 |
_FCBU-MAIN LIBRARY (Kitwe) _M1 _UAVAILABLE _WMay 12, 2022 _ZUniversity Collection |
||
| 999 |
_c46271 _d46271 |
||